Normal view MARC view
  • Baldus, Christian

Entry Personal Name

Number of records used in: 1

001 - CONTROL NUMBER

  • control field: 73657

003 - CONTROL NUMBER IDENTIFIER

  • control field: ES-MaIEF

005 - DATE AND TIME OF LATEST TRANSACTION

  • control field: 20260506084636.0

008 - FIXED-LENGTH DATA ELEMENTS

  • fixed length control field: 260506|| aca||aabn | aaa d

024 ## - OTHER STANDARD IDENTIFIER

  • Standard number or code: http://viaf.org/viaf/64838805

040 ## - CATALOGING SOURCE

  • Original cataloging agency: ES-MaIEF

100 1# - HEADING--PERSONAL NAME

  • Personal name: Baldus, Christian

670 ## - SOURCE DATA FOUND

  • Linkage: https://dialnet.unirioja.es/servlet/autor?codigo=97983
  • Source citation: WWW, Dialnet, 06-05-2026
  • Information found: Christian Baldus Instituciones: Universität Heidelberg Periodo de publicación recogido: 1994 - 2026

Powered by Koha